000 00209nam a2200085Ia 4500
008 120527s9999 xx 000 0 und d
100 _aBERANT, A
245 _aLearning to pass ECDL using office 2000
942 _cBK
999 _c25792
_d25792